000 00619nam a22001937a 4500
005 20251108164252.0
008 250721s1993 xx 000 0 ara d
082 1 4 _a621.402/فير
100 1 _aفيزر، فيرجل مورينج
245 1 0 _aالديناميكا الحرارية /
264 1 _aالقاهرة :
_bالدار العربية للنشر،
_c1993.
300 _a
650 1 7 _aالديناميكا
650 1 7 _aالهندسة الحرارية
700 1 _aيسمانج، كليفورد ماكس
700 1 _aمتولي، محمد نبيل
_eترجمة
942 _2ddc
_cBK
999 _c7939
_d7939